| 000 | 00587nam a22002053a 4500 | ||
|---|---|---|---|
| 005 | 20241022063654.0 | ||
| 008 | 010529s1999 mx fr 000 0 spa d | ||
| 020 | _a8427712723 | ||
| 035 | _aUPN01000107033 | ||
| 049 | _aCG | ||
| 050 | 4 |
_aHV40 _bV3.4 |
|
| 245 | 0 | 4 |
_aLos valores en la práctica del trabajo social / _ccomp. Damián Salcedo Megales. |
| 260 |
_aMadrid : _bNARCEA, _c1999. |
||
| 300 | _a205 p. | ||
| 440 | 0 | _aNarcea sociocultural | |
| 650 | 4 |
_aServicio social _96246 |
|
| 650 | 4 |
_aASISTENCIA SOCIAL DE GRUPO _95655 |
|
| 650 | 4 |
_aValores sociales _94177 |
|
| 905 | _aLibro | ||
| 999 |
_c80945 _d80945 |
||